Справка о практических мерах для улучшения азовских портов

Доступно только в Электронных читальных залах Найти на картеНа карте
RUSMARC
00003773nmc2a22000003x 450
001b3345926-7233-41f4-90be-8a4f070d1cfd
00520180711143906.0
100##$a20160412l19001909k l0rusy0189 ca
1010#$arus
102##$aRU
2001#$aСправка о практических мерах для улучшения азовских портов
$j[1900-ые гг.]
251##$cДело
300##$aДело
801#0$aRU
$bРГИА
$c20160412
$gRCR
801#1$aRU
$bГлавНИВЦ
$c20160412
$2rusmarc
801#2$aRU
$bПБ им. Б.Н. Ельцина
$c20180711
$gRCR
$2rusmarc
850##$aРГИА
852##$aРГИА
$eФедеральное казенное учреждение "Российский государственный исторический архив" (РГИА)
$j16
937##$hРГИА
$d12201651
$aASBIBLIO_SCAN
462#0$1001598918bb-e06f-44fc-b0ad-5749990e2656
$12001
$aЛичные документы Н. Н. Беклемешева и материалы по вопросам мореплавания и флота
$1251
$cОпись
$1852
$j1
461#0$1001c6673287-3d79-401c-8113-ced7c102e87e
$12001
$aБеклемишев Николай Николаевич (1857 - не ранее 1917 гг.), начальник Отдела торговых портов Главного управления торгового мореплавания и портов (1903 – 1905), редактор журнала "Море"
$1251
$cФонд
$1852
$j896
215##$a1 л.
$d36,5х26 см
371##$aДокумент не является опубликованным и широко распространяемым
105##$ay###
1222#$ad
035##$ab3345926-7233-41f4-90be-8a4f070d1cfd
856##$uhttp://readingroom.main.prlib.ru/item.aspx?id_node=n117132039&mode=full
Формат отображения